000 00353nam a22001217a 4500
008 140908b xxu||||| |||| 00| 0 eng d
022 _a00245488
050 _aKD1815.A2.L57(1997 Vol.1)
245 _aLlyoyd's Law Reports(1997 Vol.1). /
_cedited by M.M.D'Souza
260 _aLondon:
_bLL.P Limited,
_c1997.
300 _avii,735p.:
_c24cm.
942 _2lcc
_cBK
999 _c4430
_d11930